1881 1497 1823 1316 1910 1267 1663 1765 1010 1534 1451 1461 1227 1211 1965 1754 1866 1970 1389 1294 1408 1323 1649 1854 1935 1199 1908 1523 1247 1030 1062 1057 1033 1617 1312 1722 1472 1792 1132 1779 1032 1452 1639 1075 1709 1097 1889 1700 1181 1346 1227 1213 1112 1819 1650 1312 1576 1623 1740 1100 1804 1220 1351 1616 1237 1025 1029 1163 1244 1388 1580 1577 1464 1370 1899 1652 1668 1395 1793 1552 1973 1494 1817 1144 1639 1956 1232 1375 1733 1899 1216 1333 1422 1903 1739 1243 1031 1713 1395 BCNSPRNW ULIB Ver.6.0+V

เปลี่ยนเป็นภาษาไทย

Change to English
 แสดงรายละเอียดบรรณานุกรม
  กลับหน้าหลัก

Brief Record : Get Marc (ISO 2709) : E-mail record : QR code < ปิดหน้าต่าง
LEADER : 00000nas 2200000uu 4500
001    13399124396
003     ULIB
008    020711s|||| th a 000 0 tha d
022    24081280
110    สมาคมผู้ปฏิบัติการพยาบาลขั้นสูง
245    วารสารการปฏิบัติการพยาบาลและการผดุงครรภ์ไทย/^cสมาคมผู้ปฏิบัติการพยาบาลขั้นสูง(ประเทศไทย)
260    นนทบุรี :^bสมาคมผู้ปฏิบัติการพยาบาลขั้นสูง,^cม.ป.ป.
310    ^aราย 6 เดือน
850 ^a ULIB^bปีที่ 1 ฉบับที่ 1 ฉ.1
945    ^p0^l0^i903047
รายการนี้ยังไม่มีแท็ก
คุณยังไม่ได้ล็อกอิน คุณสามารถมีกิจกรรมร่วมกับเว็บไซต์ได้ แต่ต้องล็อกอินก่อน ::
  ล็อกอิน

รายการสื่อสารสนเทศ (วารสาร)

ดูแบบ: กล่อง รายการ
ARRIVED
ปีที่ 1 ฉบับที่ 1 ฉ.1
สถานที่: ห้องสมุดวิทยาเขตสวรรค์ประชารักษ์ >วารสาร

BibComment


ยังไม่เคยถูกคอมเมนท์

คอมเมนท์ทรัพยากรรายการนี้
  คอมเมนท์: วารสารการปฏิบัติก..


 Copyright 2026. Bcnsprnw @Library